000
00315nam a22001457a 4500
008
210428b ||||| |||| 00| 0 eng d
020
_a
2900321730182
041
_a
eng
080
_2
4th
_a
54
082
_a
54
100
_a
12
101
_a
KIM
245
_a
Introductory Chemistry
_c
Johll,M.E
942
_2
udc
_c
BK
999
_c
56885
_d
56885